[Event "male"]
[Site "?"]
[Date "2016.02.19"]
[Round "9.1"]
[White "Saveliev, Alexei"]
[Black "Askerov, Marat"]
[Result "1/2-1/2"]
[LiveChessVersion "1.4.2"]
[BlackElo "2281"]
[WhiteElo "2328"]

1. Nf3 {[%clk 1:30:51]} Nf6 {[%clk 1:30:57]} 2. d4 {[%clk 1:31:18]} e6
{[%clk 1:31:25]} 3. Bf4 {[%clk 1:31:45]} c5 {[%clk 1:31:52]} 4. e3
{[%clk 1:32:13]} b6 {[%clk 1:32:20]} 5. Nbd2 {[%clk 1:32:41]} Be7
{[%clk 1:32:48]} 6. c3 {[%clk 1:33:09]} Bb7 {[%clk 1:33:17]} 7. h3
{[%clk 1:33:32]} cxd4 {[%clk 1:33:44]} 8. exd4 {[%clk 1:34:01]} O-O
{[%clk 1:34:11]} 9. Bd3 {[%clk 1:34:29]} Nc6 {[%clk 1:34:39]} 10. O-O
{[%clk 1:34:56]} d6 {[%clk 1:35:07]} 11. Qe2 {[%clk 1:35:23]} Nd5
{[%clk 1:35:36]} 12. Qe4 {[%clk 1:35:52]} Nf6 {[%clk 1:36:05]} 13. Qe2
{[%clk 1:36:21]} Nd5 {[%clk 1:36:34]} 14. Qe4 {[%clk 1:36:50]} Nf6
{[%clk 1:37:02]} 15. Qe2 1/2-1/2

[Event "male"]
[Site "?"]
[Date "2016.02.19"]
[Round "9.2"]
[White "Emdin, Mark"]
[Black "Schekachikhin, Maksim"]
[Result "0-1"]
[LiveChessVersion "1.4.2"]
[BlackElo "2300"]
[WhiteElo "2227"]

1. b3 {[%clk 1:30:43]} d5 {[%clk 1:28:06]} 2. Bb2 {[%clk 1:30:33]} Bg4
{[%clk 1:28:18]} 3. h3 {[%clk 1:29:39]} Bh5 {[%clk 1:28:04]} 4. g4
{[%clk 1:29:47]} Bg6 {[%clk 1:28:28]} 5. Bg2 {[%clk 1:28:35]} c6 {[%clk 1:26:23]}
6. d3 {[%clk 1:16:54]} Nd7 {[%clk 1:20:11]} 7. Nf3 {[%clk 1:15:31]} e6
{[%clk 1:20:05]} 8. Nbd2 {[%clk 1:15:09]} h6 {[%clk 1:14:33]} 9. e4
{[%clk 1:11:57]} Qc7 {[%clk 1:01:43]} 10. Qe2 {[%clk 1:10:19]} dxe4
{[%clk 0:58:50]} 11. dxe4 {[%clk 1:08:47]} e5 {[%clk 0:58:13]} 12. O-O-O
{[%clk 1:07:38]} O-O-O {[%clk 0:57:06]} 13. Nc4 {[%clk 1:04:33]} f6
{[%clk 0:55:03]} 14. Nh4 {[%clk 0:56:12]} Bf7 {[%clk 0:53:40]} 15. Nf5
{[%clk 0:55:30]} Kb8 {[%clk 0:46:09]} 16. Rd2 {[%clk 0:33:03]} Ne7
{[%clk 0:44:22]} 17. Ncd6 {[%clk 0:23:56]} Be6 {[%clk 0:41:18]} 18. Rhd1
{[%clk 0:19:00]} Nc8 {[%clk 0:35:31]} 19. Nxc8 {[%clk 0:17:06]} Kxc8
{[%clk 0:33:49]} 20. f4 {[%clk 0:13:37]} Bxf5 {[%clk 0:24:43]} 21. gxf5
{[%clk 0:10:01]} exf4 {[%clk 0:21:42]} 22. e5 {[%clk 0:07:51]} fxe5
{[%clk 0:21:11]} 23. Bxe5 {[%clk 0:06:33]} Ba3+ {[%clk 0:19:22]} 24. Bb2
{[%clk 0:06:42]} Rhe8 {[%clk 0:19:24]} 25. Qc4 {[%clk 0:02:58]} Qe5
{[%clk 0:18:06]} 26. c3 {[%clk 0:02:11]} Bc5 {[%clk 0:17:15]} 27. Kb1
{[%clk 0:01:37]} Qxf5+ {[%clk 0:16:44]} 28. Ka1 {[%clk 0:02:04]} f3
{[%clk 0:15:27]} 29. Bf1 {[%clk 0:02:24]} f2 {[%clk 0:14:07]} 30. Be2
{[%clk 0:01:54]} Nf6 {[%clk 0:11:13]} 31. Rxd8+ {[%clk 0:01:30]} Rxd8
{[%clk 0:11:42]} 32. Rxd8+ {[%clk 0:01:43]} Kxd8 {[%clk 0:12:09]} 33. b4
{[%clk 0:02:03]} Bb6 {[%clk 0:10:52]} 34. Bc1 {[%clk 0:01:56]} Qe4
{[%clk 0:09:23]} 35. Kb2 {[%clk 0:00:59]} Qxc4 {[%clk 0:09:11]} 36. Bxc4
{[%clk 0:01:26]} Ne4 {[%clk 0:09:22]} 0-1

[Event "male"]
[Site "?"]
[Date "2016.02.19"]
[Round "9.3"]
[White "Artamonov, Valery"]
[Black "Shubin, Kirill"]
[Result "0-1"]
[LiveChessVersion "1.4.2"]
[BlackElo "2219"]
[WhiteElo "2292"]

1. c4 {[%clk 1:29:04]} e6 {[%clk 1:30:56]} 2. Nf3 {[%clk 1:29:20]} Nf6
{[%clk 1:31:21]} 3. g3 {[%clk 1:29:31]} a6 {[%clk 1:31:48]} 4. Bg2
{[%clk 1:29:35]} b5 {[%clk 1:32:14]} 5. b3 {[%clk 1:29:06]} Bb7 {[%clk 1:32:38]}
6. O-O {[%clk 1:29:29]} Be7 {[%clk 1:32:58]} 7. Bb2 {[%clk 1:29:48]} c5
{[%clk 1:33:18]} 8. Na3 {[%clk 1:27:54]} Qb6 {[%clk 1:31:21]} 9. d4
{[%clk 1:27:17]} O-O {[%clk 1:29:28]} 10. cxb5 {[%clk 1:21:18]} axb5
{[%clk 1:29:35]} 11. dxc5 {[%clk 1:21:40]} Bxc5 {[%clk 1:28:45]} 12. Nc2
{[%clk 1:22:04]} Ne4 {[%clk 1:27:00]} 13. Qe1 {[%clk 1:16:42]} Rc8
{[%clk 1:22:38]} 14. Nb4 {[%clk 1:16:06]} d5 {[%clk 1:17:06]} 15. Ne5
{[%clk 1:14:25]} Qd6 {[%clk 0:57:33]} 16. Ned3 {[%clk 1:06:17]} Bb6
{[%clk 0:57:51]} 17. Rc1 {[%clk 1:05:16]} Nd7 {[%clk 0:58:11]} 18. Rxc8+
{[%clk 1:05:28]} Rxc8 {[%clk 0:58:15]} 19. Qa1 {[%clk 1:05:45]} Ba5
{[%clk 0:56:19]} 20. a3 {[%clk 1:03:25]} Nd2 {[%clk 0:54:03]} 21. Bxg7
{[%clk 1:01:57]} Nxf1 {[%clk 0:54:28]} 22. Bxf1 {[%clk 0:59:54]} Bb6
{[%clk 0:45:14]} 23. Bd4 {[%clk 0:51:07]} Bxd4 {[%clk 0:39:18]} 24. Qxd4
{[%clk 0:51:35]} e5 {[%clk 0:38:50]} 25. Qh4 {[%clk 0:45:39]} Nf8
{[%clk 0:29:32]} 26. Qg5+ {[%clk 0:41:56]} Ng6 {[%clk 0:29:45]} 27. h4
{[%clk 0:40:54]} Kh8 {[%clk 0:29:03]} 28. h5 {[%clk 0:37:06]} f6 {[%clk 0:29:17]}
29. Qh6 {[%clk 0:36:52]} Qf8 {[%clk 0:27:59]} 30. Qd2 {[%clk 0:35:57]} Ne7
{[%clk 0:27:58]} 31. Bh3 {[%clk 0:36:14]} Rc7 {[%clk 0:27:53]} 32. Be6
{[%clk 0:30:55]} d4 {[%clk 0:27:40]} 33. a4 {[%clk 0:15:15]} bxa4
{[%clk 0:25:31]} 34. bxa4 {[%clk 0:15:43]} Qg7 {[%clk 0:22:17]} 35. Kh2
{[%clk 0:10:49]} f5 {[%clk 0:21:39]} 36. f4 {[%clk 0:08:57]} Qg4 {[%clk 0:17:01]}
37. Bf7 {[%clk 0:08:05]} Ng6 {[%clk 0:17:27]} 38. Bd5 {[%clk 0:05:47]} Qxh5+
{[%clk 0:16:51]} 39. Kg2 {[%clk 0:04:47]} exf4 {[%clk 0:16:58]} 40. Nc5
{[%clk 0:30:39]} Bxd5+ {[%clk 0:45:07]} 41. Nxd5 {[%clk 0:25:40]} Rg7
{[%clk 0:44:58]} 42. Nf6 {[%clk 0:14:29]} f3+ {[%clk 0:40:24]} 43. exf3
{[%clk 0:11:17]} Nh4+ {[%clk 0:40:49]} 44. Kh3 {[%clk 0:11:16]} Qxf3
{[%clk 0:40:56]} 45. Qh2 {[%clk 0:09:48]} f4 {[%clk 0:39:37]} 46. Nce4
{[%clk 0:08:04]} fxg3 {[%clk 0:39:48]} 47. Qg1 {[%clk 0:07:39]} Ng6
{[%clk 0:37:36]} 48. Qb1 {[%clk 0:06:14]} g2+ {[%clk 0:36:29]} 49. Kh2
{[%clk 0:06:30]} g1=Q+ {[%clk 0:35:51]} 50. Qxg1 {[%clk 0:06:03]} Nh4
{[%clk 0:36:00]} 0-1

[Event "male"]
[Site "?"]
[Date "2016.02.19"]
[Round "9.4"]
[White "Borisovsky, Dmitry"]
[Black "Abramov, Nikita"]
[Result "1-0"]
[LiveChessVersion "1.4.2"]
[BlackElo "2238"]
[WhiteElo "2197"]

1. e4 {[%clk 1:30:58]} e6 {[%clk 1:30:52]} 2. d4 {[%clk 1:30:46]} d5
{[%clk 1:31:09]} 3. Nc3 {[%clk 1:30:02]} Bb4 {[%clk 1:31:32]} 4. exd5
{[%clk 1:29:59]} exd5 {[%clk 1:31:51]} 5. Bd3 {[%clk 1:30:26]} Ne7
{[%clk 1:29:21]} 6. Qf3 {[%clk 1:29:37]} Nbc6 {[%clk 1:25:04]} 7. Nge2
{[%clk 1:29:16]} Be6 {[%clk 1:21:39]} 8. Qg3 {[%clk 1:18:19]} O-O
{[%clk 1:14:03]} 9. Bf4 {[%clk 1:16:12]} Bxc3+ {[%clk 1:10:13]} 10. bxc3
{[%clk 1:15:14]} Rc8 {[%clk 1:01:21]} 11. O-O {[%clk 1:14:39]} Bf5
{[%clk 0:58:16]} 12. Rab1 {[%clk 1:11:43]} Na5 {[%clk 0:53:31]} 13. Bg5
{[%clk 1:06:57]} f6 {[%clk 0:51:36]} 14. Bd2 {[%clk 1:05:51]} b6 {[%clk 0:49:08]}
15. Nf4 {[%clk 0:58:12]} Qd7 {[%clk 0:46:57]} 16. Rbe1 {[%clk 0:54:16]} Ng6
{[%clk 0:36:39]} 17. h4 {[%clk 0:48:38]} Nxf4 {[%clk 0:32:46]} 18. Bxf4
{[%clk 0:47:50]} Bxd3 {[%clk 0:31:19]} 19. cxd3 {[%clk 0:48:04]} c6
{[%clk 0:27:44]} 20. Re3 {[%clk 0:45:38]} Rfe8 {[%clk 0:27:53]} 21. h5
{[%clk 0:41:35]} Qf5 {[%clk 0:19:46]} 22. Bh6 {[%clk 0:40:24]} Qd7
{[%clk 0:20:02]} 23. Rfe1 {[%clk 0:33:58]} Rxe3 {[%clk 0:20:25]} 24. Rxe3
{[%clk 0:33:36]} Nb7 {[%clk 0:18:49]} 25. Bxg7 {[%clk 0:32:23]} Qxg7
{[%clk 0:18:10]} 26. Qxg7+ {[%clk 0:32:44]} Kxg7 {[%clk 0:18:36]} 27. Re7+
{[%clk 0:33:10]} Kh6 {[%clk 0:18:38]} 28. Rxb7 {[%clk 0:33:34]} c5
{[%clk 0:17:40]} 29. Rxa7 {[%clk 0:32:33]} cxd4 {[%clk 0:18:05]} 30. cxd4
{[%clk 0:33:00]} Rc3 {[%clk 0:18:14]} 31. Rd7 {[%clk 0:29:51]} Kxh5
{[%clk 0:16:22]} 32. Rxh7+ {[%clk 0:29:34]} Kg6 {[%clk 0:16:47]} 33. Rd7
{[%clk 0:29:02]} Rxd3 {[%clk 0:16:25]} 34. Rxd5 {[%clk 0:29:27]} Rd1+
{[%clk 0:16:52]} 35. Kh2 {[%clk 0:29:54]} Rd2 {[%clk 0:17:17]} 36. f3
{[%clk 0:29:07]} Rxa2 {[%clk 0:17:39]} 37. Rb5 {[%clk 0:29:33]} Rd2
{[%clk 0:18:03]} 38. d5 {[%clk 0:29:54]} Kh6 {[%clk 0:16:54]} 39. Rxb6
{[%clk 0:29:44]} Rxd5 {[%clk 0:17:07]} 40. Rxf6+ {[%clk 1:00:08]} Kg5
{[%clk 0:47:22]} 41. Rf8 {[%clk 1:00:13]} Rd4 {[%clk 0:47:45]} 42. Kg3
{[%clk 1:00:27]} Ra4 {[%clk 0:48:13]} 43. Rb8 {[%clk 1:00:19]} Ra2
{[%clk 0:48:27]} 44. Rb5+ {[%clk 1:00:42]} Kg6 {[%clk 0:48:54]} 45. Kh3
{[%clk 1:01:00]} Ra1 {[%clk 0:49:18]} 46. g4 {[%clk 1:00:48]} Rg1
{[%clk 0:49:38]} 47. Kh2 {[%clk 1:01:06]} Rf1 {[%clk 0:50:04]} 48. Kg3
{[%clk 1:01:30]} Ra1 {[%clk 0:50:29]} 49. Rb6+ {[%clk 1:01:54]} Kg7
{[%clk 0:50:55]} 50. g5 {[%clk 1:01:55]} Rg1+ {[%clk 0:51:19]} 51. Kf4
{[%clk 1:02:17]} Ra1 {[%clk 0:51:47]} 52. Kg4 {[%clk 1:02:30]} Rg1+
{[%clk 0:52:13]} 53. Kf5 {[%clk 1:02:55]} Ra1 {[%clk 0:52:40]} 54. Rb7+
{[%clk 1:03:04]} Kg8 {[%clk 0:53:06]} 55. f4 {[%clk 1:03:00]} Ra5+
{[%clk 0:53:32]} 56. Kg4 {[%clk 1:03:24]} Ra1 {[%clk 0:53:58]} 57. f5
{[%clk 1:03:33]} Rg1+ {[%clk 0:54:22]} 58. Kh5 {[%clk 1:03:58]} Ra1
{[%clk 0:54:48]} 59. Kg6 {[%clk 1:03:27]} Ra8 {[%clk 0:55:01]} 60. f6
{[%clk 1:03:36]} Rc8 {[%clk 0:55:16]} 61. Rb1 {[%clk 1:02:24]} Ra8
{[%clk 0:55:31]} 62. Re1 {[%clk 1:02:36]} Rf8 {[%clk 0:55:23]} 63. f7+
{[%clk 1:02:40]} Rxf7 {[%clk 0:55:47]} 64. Re8+ {[%clk 1:03:07]} Rf8
{[%clk 0:56:09]} 65. Rxf8+ {[%clk 1:03:33]} Kxf8 {[%clk 0:56:35]} 66. Kh7
{[%clk 1:04:00]} Ke8 {[%clk 0:56:31]} 1-0

[Event "male"]
[Site "?"]
[Date "2016.02.19"]
[Round "9.5"]
[White "Fraiman, Dmitry"]
[Black "Timerkhanov, Alexander"]
[Result "1-0"]
[LiveChessVersion "1.4.2"]
[BlackElo "2251"]
[WhiteElo "2193"]

1. e4 {[%clk 1:29:33]} c5 {[%clk 1:30:49]} 2. Nf3 {[%clk 1:29:59]} d6
{[%clk 1:31:16]} 3. d4 {[%clk 1:30:24]} cxd4 {[%clk 1:31:43]} 4. Nxd4
{[%clk 1:30:51]} Nf6 {[%clk 1:32:10]} 5. Nc3 {[%clk 1:31:14]} a6 {[%clk 1:32:38]}
6. Bc4 {[%clk 1:31:40]} e6 {[%clk 1:33:06]} 7. Bb3 {[%clk 1:32:05]} Nbd7
{[%clk 1:33:32]} 8. Be3 {[%clk 1:32:30]} Nc5 {[%clk 1:33:50]} 9. f3
{[%clk 1:32:54]} b5 {[%clk 1:33:20]} 10. Qd2 {[%clk 1:32:41]} Qc7
{[%clk 1:33:26]} 11. O-O-O {[%clk 1:31:41]} Bd7 {[%clk 1:33:20]} 12. g4
{[%clk 1:30:51]} b4 {[%clk 1:32:36]} 13. Nce2 {[%clk 1:30:37]} a5
{[%clk 1:32:30]} 14. g5 {[%clk 1:21:06]} Nh5 {[%clk 1:29:31]} 15. Kb1
{[%clk 1:20:46]} a4 {[%clk 1:21:40]} 16. Bc4 {[%clk 1:20:42]} Nxe4
{[%clk 1:21:44]} 17. Qd3 {[%clk 1:20:40]} d5 {[%clk 1:09:28]} 18. Bxd5
{[%clk 1:19:07]} Nc5 {[%clk 1:08:51]} 19. Nb5 {[%clk 1:02:43]} Qa5
{[%clk 1:08:24]} 20. Bxc5 {[%clk 0:56:49]} Bxb5 {[%clk 1:08:03]} 21. Bc4
{[%clk 0:55:39]} Bxc5 {[%clk 1:05:47]} 22. Bxb5+ {[%clk 0:55:12]} Kf8
{[%clk 1:06:16]} 23. Qc4 {[%clk 0:54:21]} Qb6 {[%clk 1:03:42]} 24. Rd7
{[%clk 0:29:48]} g6 {[%clk 0:57:20]} 25. Rhd1 {[%clk 0:28:54]} Kg7
{[%clk 0:54:53]} 26. Nd4 {[%clk 0:23:19]} Bxd4 {[%clk 0:40:16]} 27. Qxd4+
{[%clk 0:23:07]} Qxd4 {[%clk 0:40:45]} 28. R1xd4 {[%clk 0:23:18]} Rhb8
{[%clk 0:41:04]} 29. Rxb4 {[%clk 0:21:31]} a3 {[%clk 0:38:44]} 30. b3
{[%clk 0:19:39]} Ra5 {[%clk 0:38:04]} 31. c4 {[%clk 0:19:40]} Nf4
{[%clk 0:38:27]} 32. Ra4 {[%clk 0:19:18]} Raa8 {[%clk 0:38:09]} 33. Kc2
{[%clk 0:18:08]} Nh3 {[%clk 0:38:11]} 34. Rxa8 {[%clk 0:14:25]} Rxa8
{[%clk 0:38:40]} 35. b4 {[%clk 0:14:36]} Nxg5 {[%clk 0:38:54]} 36. Bc6
{[%clk 0:14:24]} Rb8 {[%clk 0:39:10]} 37. b5 {[%clk 0:14:09]} e5 {[%clk 0:39:37]}
38. Bd5 {[%clk 0:13:05]} Kf6 {[%clk 0:40:06]} 39. h4 {[%clk 0:08:03]} Ne6
{[%clk 0:40:32]} 40. Bxe6 {[%clk 0:38:20]} Kxe6 {[%clk 1:11:01]} 41. Rd1
{[%clk 0:38:02]} h6 {[%clk 1:10:03]} 42. Kb3 {[%clk 0:34:23]} f5 {[%clk 1:10:22]}
43. Kxa3 {[%clk 0:28:57]} e4 {[%clk 1:10:36]} 44. fxe4 {[%clk 0:28:58]} fxe4
{[%clk 1:10:48]} 45. Kb4 {[%clk 0:28:20]} Re8 {[%clk 1:11:14]} 46. c5
{[%clk 0:24:11]} e3 {[%clk 1:11:40]} 47. Re1 {[%clk 0:18:38]} Kd5
{[%clk 1:12:02]} 48. c6 {[%clk 0:17:54]} g5 {[%clk 1:10:27]} 49. hxg5
{[%clk 0:15:36]} hxg5 {[%clk 1:10:56]} 50. c7 {[%clk 0:10:39]} Rc8
{[%clk 1:09:48]} 51. Rd1+ {[%clk 0:09:19]} 1-0

[Event "male"]
[Site "?"]
[Date "2016.02.19"]
[Round "9.6"]
[White "Palchun, Grigory"]
[Black "Pershin, Denis"]
[Result "1-0"]
[LiveChessVersion "1.4.2"]
[BlackElo "2375"]
[WhiteElo "2332"]

1. d4 {[%clk 1:23:41]} g6 {[%clk 1:29:02]} 2. Nf3 {[%clk 1:24:06]} Bg7
{[%clk 1:29:24]} 3. Bf4 {[%clk 1:24:07]} d6 {[%clk 1:29:21]} 4. e3
{[%clk 1:24:30]} Nd7 {[%clk 1:29:01]} 5. h3 {[%clk 1:24:50]} e5 {[%clk 1:29:04]}
6. Bh2 {[%clk 1:25:16]} Ne7 {[%clk 1:26:26]} 7. c4 {[%clk 1:24:09]} exd4
{[%clk 1:25:57]} 8. exd4 {[%clk 1:24:30]} d5 {[%clk 1:26:19]} 9. Nc3
{[%clk 1:16:11]} dxc4 {[%clk 1:15:36]} 10. Nb5 {[%clk 1:14:06]} Nd5
{[%clk 1:11:03]} 11. Qe2+ {[%clk 1:12:47]} Kf8 {[%clk 1:11:02]} 12. Qxc4
{[%clk 1:11:22]} c6 {[%clk 1:09:35]} 13. Nd6 {[%clk 1:09:32]} Qa5+
{[%clk 1:07:19]} 14. b4 {[%clk 1:08:57]} Qa3 {[%clk 1:03:50]} 15. Qb3
{[%clk 0:54:44]} Qxb3 {[%clk 1:01:38]} 16. axb3 {[%clk 0:55:05]} Nxb4 17. Bc4
{[%clk 0:31:34]} b5 {[%clk 0:56:33]} 18. Bxf7 {[%clk 0:23:58]} Nc2+
{[%clk 0:52:58]} 19. Kd2 {[%clk 0:23:09]} Nxa1 {[%clk 0:52:07]} 20. Rxa1
{[%clk 0:22:38]} Bf6 {[%clk 0:38:28]} 21. Re1 {[%clk 0:16:24]} Kg7
{[%clk 0:31:01]} 22. Be8 {[%clk 0:16:08]} Rxe8 {[%clk 0:24:52]} 23. Rxe8
{[%clk 0:14:18]} Nb6 {[%clk 0:25:19]} 24. Ne5 {[%clk 0:13:49]} a5
{[%clk 0:25:36]} 25. Nxc6 {[%clk 0:10:30]} a4 {[%clk 0:25:50]} 26. bxa4
{[%clk 0:09:26]} bxa4 {[%clk 0:26:19]} 27. Be5 {[%clk 0:04:50]} Bxe5
{[%clk 0:25:16]} 28. Re7+ {[%clk 0:05:16]} Kf8 {[%clk 0:20:57]} 29. Re8+
{[%clk 0:05:24]} Kg7 {[%clk 0:21:25]} 30. Re7+ {[%clk 0:05:50]} Kf8
{[%clk 0:21:52]} 31. Rf7+ {[%clk 0:03:18]} Kg8 {[%clk 0:22:20]} 32. Ne7+
{[%clk 0:03:42]} Kh8 {[%clk 0:22:47]} 33. Ne8 {[%clk 0:01:19]} Bg7
{[%clk 0:21:39]} 34. Nxg7 {[%clk 0:01:21]} Nc4+ {[%clk 0:21:09]} 35. Kc1
{[%clk 0:01:36]} Nd6 {[%clk 0:21:37]} 36. Rf6 {[%clk 0:01:48]} a3
{[%clk 0:19:06]} 37. Kb1 {[%clk 0:01:41]} Ne4 {[%clk 0:15:27]} 38. Rf8+
{[%clk 0:02:07]} Kxg7 {[%clk 0:15:53]} 39. Rxc8 {[%clk 0:02:34]} a2+
{[%clk 0:08:16]} 40. Ka1 {[%clk 0:33:00]} Ra3 {[%clk 0:34:33]} 41. Rc2
{[%clk 0:30:19]} Rd3 {[%clk 0:29:58]} 42. Kxa2 {[%clk 0:30:13]} Rxd4
{[%clk 0:30:27]} 43. Kb3 {[%clk 0:27:20]} Rd7 {[%clk 0:29:52]} 44. Nc6
{[%clk 0:26:47]} Rf7 {[%clk 0:30:20]} 45. f3 {[%clk 0:26:58]} Nd6
{[%clk 0:30:28]} 46. Kc3 Rd7 47. Kd4 {[%clk 0:25:03]} Nf5+ {[%clk 0:31:15]} 48.
Ke5 {[%clk 0:24:43]} Ne3 {[%clk 0:31:30]} 49. Re2 {[%clk 0:24:22]} Nf5
{[%clk 0:30:33]} 50. g4 {[%clk 0:21:11]} Rc7 {[%clk 0:29:41]} 51. Rc2
{[%clk 0:14:22]} Nh4 {[%clk 0:28:13]} 52. f4 {[%clk 0:14:27]} Rc8
{[%clk 0:27:45]} 53. Kd6 {[%clk 0:14:06]} Nf3 {[%clk 0:27:25]} 54. Ra2
{[%clk 0:13:48]} Rf8 {[%clk 0:27:21]} 55. Ra4 {[%clk 0:13:12]} Ng1
{[%clk 0:27:31]} 56. Nd4 {[%clk 0:13:15]} Kg8 {[%clk 0:23:50]} 57. Ne6
{[%clk 0:13:14]} Rb8 {[%clk 0:24:18]} 58. Ra3 {[%clk 0:13:00]} Ne2
{[%clk 0:24:27]} 59. Ke5 {[%clk 0:12:31]} Re8 {[%clk 0:23:50]} 60. Kf6
{[%clk 0:12:30]} Rc8 {[%clk 0:23:23]} 61. Ra7 {[%clk 0:09:33]} Nc3
{[%clk 0:23:13]} 62. Kg5 {[%clk 0:09:20]} Re8 {[%clk 0:21:06]} 63. f5
{[%clk 0:07:55]} gxf5 {[%clk 0:21:35]} 64. gxf5 {[%clk 0:08:18]} Ne4+
{[%clk 0:21:44]} 65. Kh6 {[%clk 0:07:03]} Nf6 {[%clk 0:21:52]} 66. Ng5
{[%clk 0:06:59]} Re5 {[%clk 0:21:04]} 67. Rg7+ {[%clk 0:07:14]} 1-0

[Event "male"]
[Site "?"]
[Date "2016.02.19"]
[Round "9.7"]
[White "Goldobin, Mikhail"]
[Black "Khakimov, Timur"]
[Result "0-1"]
[LiveChessVersion "1.4.2"]
[BlackElo "2294"]
[WhiteElo "2172"]

1. d4 {[%clk 1:30:58]} d5 {[%clk 1:19:01]} 2. c4 {[%clk 1:31:21]} c6
{[%clk 1:19:26]} 3. Nc3 {[%clk 1:31:46]} Nf6 {[%clk 1:19:52]} 4. cxd5
{[%clk 1:32:07]} cxd5 {[%clk 1:20:17]} 5. Bf4 {[%clk 1:32:32]} Nc6
{[%clk 1:20:20]} 6. e3 {[%clk 1:32:58]} e6 {[%clk 1:19:01]} 7. Nf3
{[%clk 1:32:02]} Nh5 {[%clk 1:16:28]} 8. Bg5 {[%clk 1:31:00]} Qb6
{[%clk 1:16:51]} 9. a3 {[%clk 1:29:45]} h6 {[%clk 1:17:11]} 10. Bh4
{[%clk 1:29:40]} g5 {[%clk 1:17:35]} 11. Bg3 {[%clk 1:28:16]} Nxg3
{[%clk 1:17:59]} 12. hxg3 {[%clk 1:28:42]} Bg7 {[%clk 1:18:19]} 13. Bd3
{[%clk 1:16:33]} Qd8 {[%clk 1:15:40]} 14. Rc1 {[%clk 1:13:01]} g4
{[%clk 1:09:18]} 15. Ng1 {[%clk 1:07:24]} h5 {[%clk 1:04:29]} 16. Nge2
{[%clk 1:07:15]} Kf8 {[%clk 1:04:43]} 17. Nf4 {[%clk 1:03:11]} h4
{[%clk 1:04:13]} 18. gxh4 {[%clk 0:55:15]} Rxh4 {[%clk 1:03:37]} 19. Rxh4
{[%clk 0:52:55]} Qxh4 {[%clk 1:03:49]} 20. g3 {[%clk 0:51:34]} Qh2
{[%clk 1:00:50]} 21. Ke2 {[%clk 0:46:44]} e5 {[%clk 0:51:51]} 22. dxe5
{[%clk 0:43:56]} d4 {[%clk 0:51:11]} 23. exd4 {[%clk 0:23:04]} Nxd4+
{[%clk 0:48:23]} 24. Ke3 {[%clk 0:23:31]} Bxe5 {[%clk 0:45:51]} 25. Qh1
{[%clk 0:22:23]} Qxh1 {[%clk 0:45:40]} 26. Rxh1 {[%clk 0:22:52]} Bd7
{[%clk 0:44:53]} 27. Rh5 {[%clk 0:18:32]} Nc6 {[%clk 0:36:25]} 28. Bc4
{[%clk 0:17:07]} Re8 {[%clk 0:36:10]} 29. Kd3 {[%clk 0:16:21]} Bd4
{[%clk 0:33:18]} 30. Bd5 {[%clk 0:10:56]} Bxf2 {[%clk 0:27:31]} 31. Ne4
{[%clk 0:11:00]} Bd4 {[%clk 0:24:19]} 32. Rh7 {[%clk 0:05:43]} Bg7
{[%clk 0:22:21]} 33. Nd6 {[%clk 0:05:29]} Rd8 {[%clk 0:21:30]} 34. Ke4
{[%clk 0:04:03]} Ne7 {[%clk 0:15:45]} 35. Bxb7 {[%clk 0:02:52]} Ba4
{[%clk 0:14:34]} 36. Rxg7 {[%clk 0:01:32]} Kxg7 {[%clk 0:14:48]} 37. Nf5+
{[%clk 0:01:59]} Nxf5 {[%clk 0:15:07]} 38. Kxf5 {[%clk 0:02:28]} Rb8
{[%clk 0:13:22]} 39. Bd5 {[%clk 0:02:56]} Bd7+ {[%clk 0:13:28]} 0-1

[Event "male"]
[Site "?"]
[Date "2016.02.19"]
[Round "9.8"]
[White "Tarasov, Ilya"]
[Black "Ganichev, Alexander"]
[Result "0-1"]
[LiveChessVersion "1.4.2"]
[BlackElo "2225"]
[WhiteElo "2209"]

1. d4 {[%clk 1:15:44]} Nf6 {[%clk 1:30:17]} 2. Nf3 {[%clk 1:16:08]} g6
{[%clk 1:30:38]} 3. c4 {[%clk 1:16:34]} Bg7 {[%clk 1:30:55]} 4. Nc3
{[%clk 1:17:00]} d5 {[%clk 1:30:50]} 5. Qb3 {[%clk 1:17:10]} dxc4
{[%clk 1:30:42]} 6. Qxc4 {[%clk 1:17:34]} O-O {[%clk 1:28:51]} 7. e4
{[%clk 1:17:44]} Bg4 {[%clk 1:26:11]} 8. Be2 {[%clk 1:17:34]} Nbd7
{[%clk 1:25:09]} 9. Be3 {[%clk 1:15:00]} Nb6 {[%clk 1:20:06]} 10. Qb3
{[%clk 1:14:14]} c6 {[%clk 1:16:37]} 11. O-O {[%clk 1:13:55]} h6 {[%clk 1:03:57]}
12. Ne5 {[%clk 1:06:00]} Bxe2 {[%clk 0:55:52]} 13. Nxe2 {[%clk 1:06:23]} e6
{[%clk 0:56:15]} 14. f3 {[%clk 1:04:55]} Qe7 {[%clk 0:49:30]} 15. a4
{[%clk 1:03:18]} Nc8 {[%clk 0:49:56]} 16. a5 {[%clk 1:03:25]} a6 {[%clk 0:50:09]}
17. Nc3 {[%clk 1:02:30]} Nd6 {[%clk 0:48:18]} 18. Nd3 {[%clk 0:54:13]} Nd7
{[%clk 0:44:25]} 19. e5 {[%clk 0:47:19]} Nb5 {[%clk 0:44:36]} 20. Nxb5
{[%clk 0:47:16]} cxb5 {[%clk 0:44:48]} 21. f4 {[%clk 0:46:57]} Rfd8
{[%clk 0:43:47]} 22. d5 {[%clk 0:36:37]} exd5 {[%clk 0:44:04]} 23. Rac1
{[%clk 0:36:54]} Qe6 {[%clk 0:37:08]} 24. Rc7 {[%clk 0:26:54]} Rac8
{[%clk 0:37:14]} 25. Rfc1 {[%clk 0:27:16]} Rxc7 {[%clk 0:36:44]} 26. Rxc7
{[%clk 0:27:41]} Bf8 {[%clk 0:35:33]} 27. Qc3 {[%clk 0:23:48]} Nb8
{[%clk 0:32:56]} 28. Bc5 {[%clk 0:17:35]} d4 {[%clk 0:32:31]} 29. Qa3
{[%clk 0:13:53]} Qc4 {[%clk 0:30:32]} 30. Bxf8 {[%clk 0:03:38]} Qxc7
{[%clk 0:30:53]} 31. Bxh6 {[%clk 0:03:59]} Nc6 {[%clk 0:28:42]} 32. Bg5
{[%clk 0:03:53]} Re8 {[%clk 0:28:44]} 33. b4 {[%clk 0:02:22]} Ne7
{[%clk 0:26:41]} 34. Nc5 {[%clk 0:02:02]} Nd5 {[%clk 0:27:03]} 35. Qb3
{[%clk 0:01:08]} Qc6 {[%clk 0:27:17]} 36. h4 {[%clk 0:00:54]} Rc8
{[%clk 0:24:22]} 37. h5 {[%clk 0:01:01]} Ne3 {[%clk 0:23:51]} 38. hxg6
{[%clk 0:00:38]} Qxg2# {[%clk 0:24:13]} 39. f5 0-1